000 00307nam a2200121 a 4500
005 20140414131904.0
008 100915s19uu xx 00 eng d
050 _aFIC
_bSp4 1991
100 _aSpinelli, Jerry
245 _aFourth grade rats.
260 _aNew York :
_bScholastic ,
_c1991.
999 _c110849
_d110849